| 000 | 01002nam a2200289 i 4500 | ||
|---|---|---|---|
| 001 | bg | ||
| 100 | 1 | _aJONES, Loretta. | |
| 245 | 1 | 0 |
_aChemia ogólna : _bcząsteczki, materia, reakcje / _cLoretta Jones, Peter Atkins ; z ang. przeł. Jerzy Kuryłowicz. |
| 246 |
_iTyt. oryg.: _aChemistry : molecules, matter and change |
||
| 260 |
_aWarszawa : _bWydaw. Naukowe PWN, _c2004. |
||
| 300 |
_a[28], 1056, [133] s. : _bil. ; _c26 cm. |
||
| 500 | _aTyt. oryg.: "Chemistry : molecules, matter and change" 4th ed. | ||
| 504 | _aIndeks. | ||
| 650 | 9 | _aChemia | |
| 655 | _aPodręczniki akademickie | ||
| 700 | 1 |
_aMuss, L. T. _eRed. |
|
| 700 | 1 |
_aAtkins, Peter William _d(1940- ). |
|
| 700 | 1 |
_aKURYŁOWICZ, Jerzy. _eTł. |
|
| 020 | _a8301138106 | ||
| 040 | _cBPK | ||
| 041 | 1 |
_apol _heng |
|
| 080 | _a54(075.8) | ||
| 920 | _a83-01-13810-6 | ||
| 942 | _cKS | ||
| 008 | s pl f |000 0 pol | ||
| 999 |
_c44875 _d44875 |
||
| 856 |
_uhttp://koha.tu.koszalin.pl/cgi-bin/koha/opac-detail.pl?biblionumber=44875 _yKatalog online BPK |
||